BIBLIOTECA PODER JUDICIAL
Portal Judicial TDF

La ilusión de la seguridad total como residuo de un paradigma. Mirada desde el modelo social de discapacidad / (Registro nro. 6064)

000 -LEADER
fixed length control field 01337nab a22002297a 4500
003 - CONTROL NUMBER IDENTIFIER
control field OSt
005 - DATE AND TIME OF LATEST TRANSACTION
control field 20260121002445.0
008 - FIXED-LENGTH DATA ELEMENTS--GENERAL INFORMATION
fixed length control field 190514b xxu||||| |||| 00| 0 spa d
040 ## - CATALOGING SOURCE
Transcribing agency PJ
100 ## - MAIN ENTRY--PERSONAL NAME
9 (RLIN) 4342
Personal name Muñoz Genestoux, Rosalía
245 13 - TITLE STATEMENT
Title La ilusión de la seguridad total como residuo de un paradigma. Mirada desde el modelo social de discapacidad /
Statement of responsibility, etc Rosalía Muñoz Genestoux.
300 ## - PHYSICAL DESCRIPTION
Extent p. 52-60
500 ## - GENERAL NOTE
General note Cita: TR LALEY AR/DOC/983/2024.
505 ## - FORMATTED CONTENTS NOTE
Formatted contents note Sumario: I. Introducción.— II. El derrotero del proceso judicial.— III. Sobre el ejercicio de la capacidad jurídica y la imposibilidad de limitarla con fundamento en los períodos de desestabilización.— IV. Acerca de la necesidad de realizar una nueva evaluación interdisciplinaria.— V. El acceso a la justicia de las personas con discapacidad.— VI. Palabras finales.
505 ## - FORMATTED CONTENTS NOTE
Title Fallo comentado: SC Buenos Aires ~ 14/09/2023 ~ M. C., C. D. L. A. s/ determinación de la capacidad jurídica.
650 #0 - SUBJECT ADDED ENTRY--TOPICAL TERM
9 (RLIN) 967
Topical term or geographic name as entry element DERECHO DE FAMILIA
650 #0 - SUBJECT ADDED ENTRY--TOPICAL TERM
9 (RLIN) 3271
Topical term or geographic name as entry element PERSONAS CON DISCAPACIDAD
650 #0 - SUBJECT ADDED ENTRY--TOPICAL TERM
9 (RLIN) 2342
Topical term or geographic name as entry element CAPACIDAD
650 #0 - SUBJECT ADDED ENTRY--TOPICAL TERM
9 (RLIN) 1057
Topical term or geographic name as entry element JURISPRUDENCIA APLICABLE
773 0# - HOST ITEM ENTRY
Host Biblionumber 2844
Host Itemnumber 3222
Place, publisher, and date of publication Buenos Aires : AbeledoPerrot, 1989-
Title Derecho de familia. Revista Interdisciplinaria de doctrina y jurisprudencia. Junio 2024-III.
International Standard Book Number 18511201
942 ## - ADDED ENTRY ELEMENTS (KOHA)
Source of classification or shelving scheme
Koha item type Analítica Artículo de Revista

No hay ítems disponibles.

12 de Octubre 789 Ushuaia - Tel:  54(02901)441571
Horario de Atención: 8.00 a 17.00 hs. 
bibliotecaush@justierradelfuego.gov.ar
koha@justierradelfuego.gov.ar
Seguinos en nuestras redes @bibliojustdf 

Con tecnología Koha